Inkluzivní vzdělávání : efektivní vzdělávání všech žáků /

Hlavní autor: Zilcher, Ladislav
Další autoři: Svoboda, Zdeněk, 1976-
Jazyk: Čeština
Vydáno: Praha : Grada, 2019
Vydání: Vydání 1.
Edice: Pedagogika (Grada)
Témata:
Fyzický popis: 216 stran : ilustrace ; 21 cm
Language note: České, anglické a německé resumé
Knihy
Uloženo v:
LEADER 02552nam a2200637 i 4500
001 nkc20193116840
003 CZ PrNK
005 20201218100432.0
007 ta
008 190709s2019 xr a f 000 0 cze
015 |a cnb003116840 
020 |a 978-80-271-0789-6  |q (brožováno) 
035 |a (OCoLC)1119022264 
040 |a ABA001  |b cze  |d OLA001  |e rda 
041 0 |a cze  |b cze  |b eng  |b ger 
043 |a e-xr--- 
072 7 |a 37  |x Výchova a vzdělávání  |2 Konspekt  |9 22 
080 |a 37.043.2  |2 MRF 
080 |a 37.091.321  |2 MRF 
080 |a 37.013.42:001.891  |2 MRF 
080 |a 316.344.6-056.26/.3  |2 MRF 
080 |a (437.3)  |2 MRF 
080 |a (048.8)  |2 MRF 
100 1 |a Zilcher, Ladislav  |7 ola2014810475  |4 aut 
245 1 0 |a Inkluzivní vzdělávání :  |b efektivní vzdělávání všech žáků /  |c Ladislav Zilcher, Zdeněk Svoboda 
250 |a Vydání 1. 
264 1 |a Praha :  |b Grada,  |c 2019 
300 |a 216 stran :  |b ilustrace ;  |c 21 cm 
336 |a text  |b txt  |2 rdacontent 
337 |a bez média  |b n  |2 rdamedia 
338 |a svazek  |b nc  |2 rdacarrier 
490 1 |a Pedagogika 
504 |a Obsahuje bibliografii a bibliografické odkazy 
546 |a České, anglické a německé resumé 
650 0 7 |a integrovaná výchova a vzdělávání  |7 ph121132  |2 czenas 
650 0 7 |a pedagogické dovednosti  |7 ph157201  |2 czenas 
650 0 7 |a sociálněpedagogický výzkum  |7 ph659002  |z Česko  |2 czenas 
650 0 7 |a osoby se zdravotním postižením  |7 ph127575  |2 czenas 
650 0 9 |a integrated education  |2 eczenas 
650 0 9 |a teaching skills  |2 eczenas 
650 0 9 |a social educational research  |z Czechia  |2 eczenas 
650 0 9 |a people with disabilities  |2 eczenas 
655 7 |a monografie  |7 fd132842  |2 czenas 
655 9 |a monographs  |2 eczenas 
700 1 |a Svoboda, Zdeněk,  |d 1976-  |7 mzk2010600302  |4 aut 
830 0 |a Pedagogika (Grada)  |0 s 
910 2 |a BOA001  |b 2-1432.171 
928 9 |a Grada Publishing 
990 |a BK 
995 |a 01 
991 |b 201909  |c NOV 
996 6 |b 2610791322  |c 2-1432.171  |l MZK  |r Sklad / do 1 hodiny  |n 17  |p p.v.  |w 001747168  |u 000010  |a 1  |e BOA001  |j MZK50  |s P 
996 6 |b 2610792804  |c 2-1432.171  |l MZK  |r HSS 4p  |n 0  |p kup  |h 37 ZIL  |w 001747168  |u 000020  |a 0  |e BOA001  |j MZK50  |s P 
996 7 |b 2610792805  |c 2-1432.171  |l Vol.výběr  |r VV 0p  |n 19  |p kup  |h 37 ZIL  |w 001747168  |u 000030  |a 0  |e BOA001  |j MZK50  |s A 
996 7 |b 2610792806  |c 2-1432.171  |l Vol.výběr  |r VV 0p  |n 25  |p kup  |h 37 ZIL  |w 001747168  |u 000040  |a 0  |e BOA001  |j MZK50  |s A 
996 7 |b 2610850093  |c 2-1432.171  |l Vol.výběr  |r VV 0p  |n 14  |p kup  |h 37 ZIL  |w 001747168  |u 000050  |a 0  |e BOA001  |j MZK50  |s A